000 00738nab a2200229u 4500
001 08909
003 HDC
007 c| |||a|c|aaaa
008 210131b20151102my ||||| |||| 00| 0 may d
040 _aHDC
245 0 _aGalakkkan usahawan tempatan ceburi industri coklat
336 _atext
_2rdacontent
337 _acomputer
_2rdamedia
338 _aonline resource
_2rdacarrier
650 _achocolate industry
_99334
650 _aLembaga Koko Malaysia (LKM)
_99335
710 _aUtusan Malaysia
856 _zRequest full-text at [email protected]
942 _2lcc
942 _cNEWS
942 _kNWSC 001535
999 _c6232
_d6232